Site Preparation and Resistance to Contaminants and Moisture (Record no. 104815)
[ view plain ]
| 000 -LEADER | |
|---|---|
| fixed length control field | 00854cam a2200193 4500 |
| 001 - CONTROL NUMBER | |
| control field | ##L131727 |
| 008 - FIXED-LENGTH DATA ELEMENTS--GENERAL INFORMATION | |
| fixed length control field | 051202n2005 000 0 eng u |
| 035 ## - SYSTEM CONTROL NUMBER | |
| System control number | (Sirsi) u131727 |
| 041 0# - LANGUAGE CODE | |
| Language code of text/sound track or separate title | eng |
| 100 1# - MAIN ENTRY--PERSONAL NAME | |
| Personal name | Hartless, R. |
| 110 02 - MAIN ENTRY--CORPORATE NAME | |
| Corporate name or jurisdiction name as entry element | Building Research Establishment |
| 245 00 - TITLE STATEMENT | |
| Title | Site Preparation and Resistance to Contaminants and Moisture |
| 260 3# - PUBLICATION, DISTRIBUTION, ETC. | |
| Date of publication, distribution, etc. | 2005 |
| 490 #0 - SERIES STATEMENT | |
| Series statement | Constructing the Future |
| Volume/sequential designation | Autumn 2005 (26), 13(1) |
| 520 ## - SUMMARY, ETC. | |
| Summary, etc. | Reviews the requirements of the new version of Approved Document C to the Building Regulations. Summarises C1 Site Preparation and Resistance to Contaminants which provides guidance on site investigations and risk assessment together with appropriate remedial measures and C2 Resistance to Moisture in floors, walls and roofs. |
| 590 ## - LOCAL NOTE (RLIN) | |
| Local note | IKA061205 |
| 690 ## - LOCAL SUBJECT ADDED ENTRY--TOPICAL TERM (OCLC, RLIN) | |
| Topical term or geographic name as entry element | Building regulations |
| 9 (RLIN) | 6224 |
| 942 ## - ADDED ENTRY ELEMENTS (KOHA) | |
| Suppress in OPAC | 0 |
| Withdrawn status | Lost status | Source of classification or shelving scheme | Damaged status | Not for loan | Home library | Current library | Shelving location | Date acquired | Total Checkouts | Full call number | Barcode | Date last seen | Copy number | Price effective from | Koha item type |
|---|---|---|---|---|---|---|---|---|---|---|---|---|---|---|---|
| Dewey Decimal Classification | London | London | Journal article | 02/12/2005 | L131727 | 131727-1001 | 06/08/2019 | 1 | 06/08/2019 | Journal article |